| 000 | 00671nam a22002177a 4500 | ||
|---|---|---|---|
| 999 |
_c9668 _d9668 |
||
| 003 | AR-CdUCM | ||
| 008 | 190328b ||||| |||| 00| 0 spa d | ||
| 040 |
_aMUNICIPALIDAD PROVINCIAL DEL CUSCO _cBIBLIOTECA MUNICIPAL DEL CUSCO |
||
| 082 |
_a869.56 / _bB41V / 1962 |
||
| 100 |
_aBenavente, Vicente _95107 |
||
| 245 | _aVientos de amor / | ||
| 260 |
_aJuliaca : _bCielo y tierra, _c1962. |
||
| 300 |
_a38 páginas ; _c14 cm. |
||
| 500 | _aCon dedicatoria a Luis Nieto -- Donación de la familia Nieto | ||
| 505 | _aContenido : Poesía | ||
| 650 |
_aPoesía _9444 |
||
| 650 |
_aLiteratura _9416 |
||
| 650 |
_aJuliaca _926025 |
||
| 942 |
_2ddc _cLIBROS |
||
| 945 | _admma | ||